| 000 -LEADER |
| fixed length control field |
00862nam a22001337a 4500 |
| 040 ## - CATALOGING SOURCE |
| Transcribing agency |
RUA |
| 082 ## - DEWEY DECIMAL CLASSIFICATION NUMBER |
| Classification number |
AGR DOE 2016 B579 Or.1 |
| 100 ## - MAIN ENTRY--AUTHOR NAME |
| Personal name |
DOEM PHEARAK ឌឺម ភារក្ស |
| 245 ## - TITLE STATEMENT |
| Title |
effect of chromolaena ordorata biomass input on crop yields in drip irrigated eggplant-greens mustard intercropping system ឥទ្ធិពលនៃបរិមាណកាកសំណល៉ទន្ទ្រានខែត្រលើទិន្នផលដំណាំត្រប៉និងស្ពៃខៀវក្នុងប្រព័ន្ធដំណាំឆ្លាស់ ស្រោចស្រពដោយប្រព័ន្ធដំណក៉ទឺក |
| 260 ## - PUBLICATION, DISTRIBUTION, ETC. (IMPRINT) |
| Place of publication |
phnom penh |
| Name of publisher |
RUA |
| Year of publication |
2016 |
| 300 ## - PHYSICAL DESCRIPTION |
| Number of Pages |
x;38; |
| Other physical details |
illl; |
| Dimensions |
29cm; |
| 856 ## - ELECTRONIC LOCATION AND ACCESS |
| Uniform Resource Identifier |
https://drive.google.com/file/d/16xlHiaScwmE5tkfoH5EQ_p2ZmyzYt5CZ/view?usp=sharing |
| 942 ## - ADDED ENTRY ELEMENTS (KOHA) |
| Koha item type |
AGR |
| 952 ## - LOCATION AND ITEM INFORMATION (KOHA) |
| Withdrawn status [LOCAL, KOHA] |
0 |
| 952 ## - LOCATION AND ITEM INFORMATION (KOHA) |
| Withdrawn status [LOCAL, KOHA] |
0 |
| 952 ## - LOCATION AND ITEM INFORMATION (KOHA) |
| Withdrawn status [LOCAL, KOHA] |
0 |
| 952 ## - LOCATION AND ITEM INFORMATION (KOHA) |
| Withdrawn status [LOCAL, KOHA] |
0 |
| 952 ## - LOCATION AND ITEM INFORMATION (KOHA) |
| Withdrawn status [LOCAL, KOHA] |
0 |
| 952 ## - LOCATION AND ITEM INFORMATION (KOHA) |
| Withdrawn status [LOCAL, KOHA] |
0 |
| 952 ## - LOCATION AND ITEM INFORMATION (KOHA) |
| Withdrawn status [LOCAL, KOHA] |
0 |
| 952 ## - LOCATION AND ITEM INFORMATION (KOHA) |
| Withdrawn status [LOCAL, KOHA] |
0 |